000 00811nam 22002413 4500
001 198090
010 _a972-8605-83-8
021 _aPT
_b248165/06
090 _a198090
100 _a20250925d u||y0pory50 ba
101 _apor
200 _aAlquimista Trovador
_eA Extraordinária Vida de Raimundo Lúlio
_fLuis Racionero
_gTradução de Isabel Caiado Branco ; Revisão de Sandra Leitão
205 _a
210 _aLisboa
_cÉsquilo Edições
_d2006
215 _a249, [7] p.
_cBrochado
_d23 cm
300 _aRomance histórico
304 _aTít. orig.: El alquimista trovador
606 _98
_aLiteratura Espanhola
675 _a821.134.2-311.6/RAC/ALQ
_vPT
_zpor
700 _914089
_aRacionero
_bLuis
_f1940-2020
801 _aPT
_bBMMN
_gRPC
830 _cCarlos Pinto
_d25-09-2025
_fCarlos Pinto
990 _cLIVROS